000 00431nam a2200157 i 4500
001 104812
003 ES-MaACL
005 20230906183707.0
007 t|
008 051212s1918 fr ||||1| fre d
100 1 _aMirbeau, Octave.
_981577
245 1 3 _aLa vache tachetée /
_cOctave Mirbeau.
260 _aParis :
_b[s.n.,
_c1918] (
_fImp. Hemmerlé et Cie.)
300 _aVIII, 257 p. ;
_c19 cm.
852 _aES-MaACL
_jF-10973
999 _c104812
_d104812